Central Library OPAC University of Rajshahi

Principles of educational and psychological measurement and evaluation / (Record no. 47936)

MARC details
000 -LEADER
fixed length control field 00791nam a2200253 a 4500
001 - CONTROL NUMBER
control field 47936
003 - CONTROL NUMBER IDENTIFIER
rucl marc code BD-RjUL
005 - DATE AND TIME OF LATEST TRANSACTION
control field 20211209054427.0
008 - FIXED-LENGTH DATA ELEMENTS--GENERAL INFORMATION
fixed length control field 160811s1980 caua b 001 0 eng
020 ## - INTERNATIONAL STANDARD BOOK NUMBER
International Standard Book Number 0534008321
035 ## - SYSTEM CONTROL NUMBER
System control number (BD-RjUL)48055
040 ## - CATALOGING SOURCE
Original cataloging agency DLC
Transcribing agency DLC
Modifying agency DLC
-- BD-RjUL
Language of cataloging eng
041 ## - LANGUAGE CODE
Language code of text/sound track or separate title eng
082 00 - DEWEY DECIMAL CLASSIFICATION NUMBER
Classification number 371.26
Edition number 23
Author mark and year SAP 1980
100 11 - MAIN ENTRY--PERSONAL NAME
Personal name Sax, Gilbert.
9 (RLIN) 145469
245 01 - TITLE STATEMENT
Title Principles of educational and psychological measurement and evaluation /
Statement of responsibility, etc. Gilbert Sax.
250 ## - EDITION STATEMENT
Edition statement 2d ed.
260 ## - PUBLICATION, DISTRIBUTION, ETC. (IMPRINT)
Place of publication, distribution, etc. Belmont, Calif. :
Name of publisher, distributor, etc. Wadsworth Pub. Co.,
Date of publication, distribution, etc. c1980.
300 ## - PHYSICAL DESCRIPTION
Pagination xv, 688 p. :
Illustrations ill. ;
Size 24 cm.
504 ## - BIBLIOGRAPHY, ETC. NOTE
Bibliography, etc Includes Bibliography and index.
650 #0 - SUBJECT ADDED ENTRY--TOPICAL TERM
Topical term or geographic name as entry element Educational tests and measurements
Geographic subdivision United States.
9 (RLIN) 145470
942 ## - ADDED ENTRY ELEMENTS (KOHA)
Source of classification or shelving scheme Dewey Decimal Classification
Koha item type Books
Holdings
Lost status Source of classification or shelving scheme Damaged status Not for loan Collection code Permanent Location Current Location Shelving location Date acquired Source of acquisition Total Checkouts Full call number Date last seen Copy number Koha item type
  Dewey Decimal Classification     Non-fiction Central Library, University of Rajshahi Central Library, University of Rajshahi   29/08/1990 Asia foundation   371.26 SAP 1980 11/08/2016 C-2 Books